Catálogo
 En Linea

Farmacognosia / (Registro nro. 57399)

Detalles MARC
000 -CABECERA
campo de control de longitud fija 01493nam a2200385 i 4500
003 - IDENTIFICADOR DEL NÚMERO DE CONTROL
campo de control DO-SdBNP
005 - FECHA Y HORA DE LA ÚLTIMA TRANSACCIÓN
campo de control 20260217123422.0
006 - CÓDIGOS DE INFORMACIÓN DE LONGITUD FIJA--CARACTERÍSTICAS DEL MATERIAL ADICIONAL
campo de control de longitud fija a||||fr|||| 00| 0
007 - CAMPO FIJO DE DESCRIPCIÓN FÍSICA--INFORMACIÓN GENERAL
campo de control de longitud fija ta
008 - DATOS DE LONGITUD FIJA--INFORMACIÓN GENERAL
campo de control de longitud fija 240809t1979 ag ao||| |||| 00| 0 spa d
040 ## - FUENTE DE LA CATALOGACIÓN
Centro catalogador/agencia de origen DO-SdBNP
Lengua de catalogación spa
Centro/agencia transcriptor BNPHU
Normas de descripción rda
041 ## - CÓDIGO DE LENGUA
Código de lengua original eng
082 #4 - NÚMERO DE LA CLASIFICACIÓN DECIMAL DEWEY
Número de edición 22
Número de documento/Ítem T572f
100 1# - ENTRADA PRINCIPAL--NOMBRE DE PERSONA
Código de función/relación Tylei, Varro E.
Término indicativo de función/relación autor
245 10 - MENCIÓN DE TÍTULO
Título Farmacognosia /
Resto del título Varro E. Tylei, Lynn R. Brady, James E. Robber; prefacio, Indina West Lafayette, Washingotn Sealtle; traductor, Mario A. Marino
250 ## - MENCIÓN DE EDICIÓN
Mención de edición Segunda edición
264 #4 - PRODUCCIÓN, PUBLICACIÓN, DISTRIBUCIÓN, FABRICACIÓN Y COPYRIGHT
Producción, publicación, distribución, fabricación y copyright Argentina, Buenos Aires :
Nombre del de productor, editor, distribuidor, fabricante Editorial El Ateneo,
Fecha de producción, publicación, distribución, fabricación o copyright ©1979
300 ## - DESCRIPCIÓN FÍSICA
Extensión 450 páginas :
Otras características físicas ilustraciones, fotografías ;
Dimensiones 26 cm.
336 ## - TIPO DE CONTENIDO
Fuente rdacontent
Término de tipo de contenido texto
Código de tipo de contenido txt
337 ## - TIPO DE MEDIO
Fuente rdamedia
Nombre/término del tipo de medio sin mediación
Código del tipo de medio n
338 ## - TIPO DE SOPORTE
Fuente rdacarrier
Nombre/término del tipo de soporte volumen
Código del tipo de soporte nc
500 ## - NOTA GENERAL
Nota general Incluye índice alfabético.
504 ## - NOTA DE BIBLIOGRAFÍA, ETC.
Nota de bibliografía, etc. Bibliografía: páginas 34,83,88(113),169,195,258,387,438.
534 ## - NOTA SOBRE LA VERSIÓN ORIGINAL
Encabezamiento principal del original Tíitulo original en inglés: Pharmacognosy
Mención de edición del original 7a. edición.
Publicación, distribución, etc. del original Philadelphia, Pennsylvania, U.S.A.
590 ## - NOTA LOCAL (RLIN)
Nota local Inventariado 2024 / MF
650 #7 - PUNTO DE ACCESO ADICIONAL DE MATERIA--TÉRMINO DE MATERIA
Término de materia o nombre geográfico como elemento de entrada Drogas
Subdivisión general Aspectos Legales
9 (RLIN) 17130
Fuente del encabezamiento o término LIBRUNAM
650 #4 - PUNTO DE ACCESO ADICIONAL DE MATERIA--TÉRMINO DE MATERIA
Término de materia o nombre geográfico como elemento de entrada Drogas Alucinógenas
9 (RLIN) 47863
650 #4 - PUNTO DE ACCESO ADICIONAL DE MATERIA--TÉRMINO DE MATERIA
Término de materia o nombre geográfico como elemento de entrada Utilización de Drogas
9 (RLIN) 17132
700 1# - PUNTO DE ACCESO ADICIONAL--NOMBRE DE PERSONA
Nombre de persona Brady, Lynn R.,
Término indicativo de función/relación autor
9 (RLIN) 86275
700 1# - PUNTO DE ACCESO ADICIONAL--NOMBRE DE PERSONA
Nombre de persona Robber, James E.,
Término indicativo de función/relación autor
9 (RLIN) 86276
700 1# - PUNTO DE ACCESO ADICIONAL--NOMBRE DE PERSONA
Nombre de persona West Lafayette, Indiana,
Término indicativo de función/relación prólogo
9 (RLIN) 86277
700 1# - PUNTO DE ACCESO ADICIONAL--NOMBRE DE PERSONA
Nombre de persona Sealtle, Washingotn,
Término indicativo de función/relación prólogo
9 (RLIN) 86278
700 1# - PUNTO DE ACCESO ADICIONAL--NOMBRE DE PERSONA
Nombre de persona Marino, Mario A.
Término indicativo de función/relación traductor
9 (RLIN) 60620
942 ## - ELEMENTOS DE PUNTO DE ACCESO ADICIONAL (KOHA)
Fuente del sistema de clasificación o colocación Dewey Decimal Classification
Tipo de ítem Koha Libro
Existencias
Estado de retiro Estado de pérdida Fuente del sistema de clasificación o colocación Restricciones de uso No para préstamo Código de colección Localización permanente Ubicación/localización actual Ubicación en estantería Fecha de adquisición Fuente de adquisición Total de préstamos Signatura topográfica completa Código de barras Fecha visto por última vez Precio válido a partir de Tipo de ítem Koha
    Dewey Decimal Classification Préstamo en sala   General Biblioteca Nacional Pedro Henríquez Ureña Biblioteca Nacional Pedro Henríquez Ureña En catalogación 09.08.2014 Donado por Manuel Ortíz   T572f 2024-4729 09.08.2024 09.08.2024 Libro

Con tecnología Koha